Statistics for 15 Most Rectangular Countries’ Capitals

Click here to take the quiz!

General Stats

  • This quiz has been taken 4 times
  • The average score is 5 of 15

Answer Stats

Capital% Correct
Cairo
75%
Accra
50%
Ankara
50%
Khartoum
50%
Warsaw
50%
Yaren
50%
Luanda
25%
Maseru
25%
Mbabane
25%
Montevideo
25%
Sana’a
25%
Freetown
0%
Malabo
0%
Skopje
0%
Yamoussoukrou
0%

Score Distribution

Percentile by Number Answered

Percent of People with Each Score

Your Score History

You have not taken this quiz